Music Quiz

Random Music or Clickable Quiz

Musical Instruments Quiz Stats

 Plays Quiz not verified by Sporcle

Support Sporcle.
Go Orange.
Score 0/24 Timer 05:00
1 Play Today
% Correct
Triangle
89.3%
Accordion
89.2%
Harp
89.1%
Bass|Electric Guitar
89.1%
Saxophone
89%
Piano
88.7%
Acoustic Guitar
88.2%
Maracas
88%
Xylophone
87.7%
Keyboard
87.4%
Trumpet
87.3%
Recorder
86.1%
% Correct
Trombone
84.9%
Drumset
84.8%
Tamborine
83.2%
Pan Flute
81.7%
Cello
81%
Domra
80.2%
Violin
79.5%
Bongos
77.4%
Conga Drums
75.2%
Kettle Drum|Timpani
72.5%
Round Horn|Bugle
72%
Snare Drum
67.7%

You're not logged in!

Compare scores with friends on all Sporcle quizzes.
OR
Log In

From the Vault

Is That the Oceanian Capital?

by lolshortee

No, you're not allowed to say "Atlantis."
Remove Ads.
Support Sporcle.
Get the best of Sporcle when you Go Orange. This ad-free experience offers more features, more stats, and more fun while also helping to support Sporcle. Thank you for becoming a member.

Show Comments

Extras

Top Quizzes Today


Score Distribution

Your Account Isn't Verified!

In order to create a playlist on Sporcle, you need to verify the email address you used during registration. Go to your Sporcle Settings to finish the process.

Report this User

Report this user for behavior that violates our Community Guidelines.

Details: